000 00278nam a2200121 a 4500
008 101022s1971|||| d
245 1 0 _aMestečko v Nemecku
044 _axo
_cSK
041 _aslo
260 _c1971
_bSmena
_aBratislava
100 1 _aLe Carré, John
020 _c25
999 _c12104
_d12104